000 00455nmm a2200157Ia 4500
008 251105s9999||||xx |||||||||||||||||und||
020 _a848429529X
041 _aspa
100 _aGil Estallo, M. de los Ángeles
245 0 _aLa planificación de la empresa
264 _a[Madrid, España] :
_bUOC Papers,
_c2002
300 _a74 páginas
650 _aEconomics and Business
856 _uhttps://public.digitaliapublishing.com/a/5703
942 _cCF
999 _c73745
_d73745